|
|
|
|
| LEADER |
00000cam a2200000 7i4500 |
| 001 |
0000035687 |
| 005 |
20130515.0 |
| 008 |
130515 |
| 020 |
|
|
|a 1412942256
|
| 090 |
0 |
0 |
|a 808.066378
|b LUN
|
| 100 |
1 |
|
|a Fred C.Lunenburg - Beverly J.Irby
|
| 245 |
1 |
0 |
|a Writing a successful thesis or dissertation :
|b tips and strategies for students in the social and behavioral sciences
|c Lunenburg C.Fred - J.Irby Beverly.
|
| 260 |
|
|
|a London :
|b Corwin press,inc ,
|c 2008
|
| 500 |
|
|
|
| 650 |
|
0 |
|a Academic writing
|x social science.
|
| 999 |
|
|
|a 0001153766
|b Book
|c Adult Collection
|e Perbadanan Perpustakaan Awam Johor
|